000 00492nam a22001575i 4500
001 171480
003 ES-MaACL
005 20230906214638.0
008 090518s1971 sp |||| | cat d
100 1 _aSolà i Forch, Ferran.
_9140197
245 1 0 _aHams i peixos /
_cFerran Solà i Forch ; proleg de M. Freixes i Fontdevila.
260 _aBarcelona :
_bPulide,
_c[1971]
300 _a283 p. ;
_c22 cm.
700 1 _aFreixes i Fontdevila, M.
_9140198
852 _aES-MaACL
_jC-45170
_9R.79550
999 _c171480
_d171480